[Event "Ruhrgebiet VL1 0001"]
[Site "Ruhrgebiet"]
[Date "2000.09.17"]
[Round "1"]
[White "Michalski, Juergen"]
[Black "Bock, Klaus"]
[Result "0-1"]
[WhiteElo "1905"]
[BlackElo "1941"]
[PlyCount "64"]
[EventDate "2000.09.17"]
[EventType "team-tourn"]
[EventRounds "9"]
[EventCountry "GER"]
[SourceTitle "EXT 2023"]
[Source "ChessBase"]
[SourceDate "2022.10.05"]
[SourceVersion "1"]
[SourceVersionDate "2022.10.05"]
[SourceQuality "1"]
[WhiteTeam "Katernberg III"]
[BlackTeam "Muelheim Stadtgrenze"]
[WhiteTeamCountry "GER"]
[BlackTeamCountry "GER"]

1. c4 Nf6 2. Nc3 g6 3. Nf3 Bg7 4. g3 0-0 5. Bg2 c6 6. 0-0 d6 7. d3 h6 8. Bd2 e5 9. h3 Be6 10. e4 Nbd7 11. a3 Ne8 12. Kh2 Kh7 13. Nh4 Nc5 14. Be3 a5 15. b3 f5 16. Bxc5 dxc5 17. Nf3 Qd6 18. Qd2 Nf6 19. Rad1 Rad8 20. Qe2 Nd7 21. Nh4 f4 22. Bf3 Qd4 23. Qd2 b6 24. Ne2 Qd6 25. g4 Qe7 26. Ng2 Bf6 27. Ng1 Bg5 28. Qe2 Kg7 29. Ne1 Rh8 30. Bg2 h5 31. f3 Bh4 32. Nc2 Nf6 0-1